000 00783nam a2200265Ia 4500
001 Para_5443
003 CHAP
008 220125s1928 xx 000 0 und d
010 _a203784
040 _cCHAP
090 _aPA FOLLETO 2784
100 _aEUA. Department of Agriculture
_9169691
245 _aDepartment bulletins nos. 1201-1225 :
_b with contents /
_c Department of Agriculture
260 _aWashington :
_b The department
300 _a10 p.
440 _aEUA. Dep. of Agri. Bull.; 1201-1225
_9169693
650 _aAgricultura y ganaderĂ­a
_x BibliografĂ­a
_92076
901 _aPA FOLLETO 2784
902 _aA
905 _a0000001928 WAS 0000000000 00
910 _a1928
942 _cPARA
942 _cPARA
_d1
999 _c203784
_d203784